| 000 | 00373nam a2200133Ia 4500 | ||
|---|---|---|---|
| 005 | 20260328101507.0 | ||
| 008 | 260328s9999||||xx |||||||||||||| ||und|| | ||
| 100 | _aSartoris, Alberto | ||
| 245 | 0 |
_aEncyclopedie de L'Architecture nouvelle : _b Ordre et Climat Americains / _cAlberto Sartoris |
|
| 260 | _bUlrico Hoepli | ||
| 300 | _a727 p. | ||
| 650 | _aHISTORIA | ||
| 942 | _cBK | ||
| 999 |
_c9075 _d9075 |
||